000 00549nam a2200181 i 4500
001 150509
003 ES-MaACL
005 20250916063053.0
007 t|
008 071031s1919 sp ||||1| spa d
100 1 _aValdés, Juan de,
_dca. 1509-1542
_9154741
245 1 0 _aDiálogo de la lengua /
_cJuan de Valdés ; prólogo de J. Moreno Villa.
260 _aMadrid :
_bS. Calleja,
_c1919.
300 _a283 p. ;
_c16 cm.
700 1 _aMoreno Villa, José,
_d1887-1955
_983443
852 _aES-MaACL
_jF-3334
999 _c150509
_d150509